00349nam a2200121Ia 4500008004100000082001500041100001500056245004900071260003900120300001000159630001800169650004000187211109s9999||||xx |||||||||||||| ||und|| a920bBLO-V aBlore, G H 0aVictorian Worthuis, Sixteen Biographic o & P bNATIONAL BOOKSTALLaKottayamc1922 a376p. xGeneral Stack aBiographyxBiography- Autobiography